[Event "Heraklion Capablanca Memorial 6th"]
[Site "Heraklion"]
[Date "2019.05.04"]
[Round "6"]
[White "Anagnostopoulos, Konstantinos"]
[Black "Vaishali, Ramesh Babu"]
[Result "0-1"]
[WhiteElo "2345"]
[BlackElo "2353"]
[PlyCount "76"]
[EventDate "2019.04.29"]
[EventType "tourn"]
[EventRounds "9"]
[EventCountry "GRE"]
[EventCategory "7"]
[SourceTitle "CBM 190 Extra"]
[Source "ChessBase"]
[SourceDate "2019.07.15"]
[SourceVersion "1"]
[SourceVersionDate "2019.07.15"]
[SourceQuality "1"]

1. c4 e5 2. Nc3 Nf6 3. Nf3 Nc6 4. e4 Bb4 5. d3 d6 6. a3 Bxc3+ 7. bxc3 h6 8. g3 0-0 9. Bg2 Be6 10. 0-0 Qd7 11. Rb1 b6 12. Nh4 Bh3 13. f4 exf4 14. gxf4 Bxg2 15. Nxg2 Qg4 16. Qxg4 Nxg4 17. h3 Nf6 18. Ne3 Rfe8 19. Rb2 Na5 20. Kf2 Nb7 21. Kf3 Nc5 22. Rd1 g6 23. Rg2 Kh7 24. Nc2 Nh5 25. Be3 f5 26. exf5 gxf5 27. Nb4 Re6 28. Nd5 Rc8 29. Bxc5 dxc5 30. d4 c6 31. Ne3 Rce8 32. Nxf5 Rf6 33. dxc5 Rxf5 34. Rd7+ Kh8 35. Rg4 Nf6 36. Rf7 Re3+ 37. Kg2 Re2+ 38. Kf3 Rf2+ 0-1

[Event "Heraklion Capablanca Memorial 6th"]
[Site "Heraklion"]
[Date "2019.04.29"]
[Round "1"]
[White "Yoo, Christopher Woojin"]
[Black "Anagnostopoulos, Konstantinos"]
[Result "1-0"]
[WhiteElo "2414"]
[BlackElo "2345"]
[PlyCount "47"]
[EventDate "2019.04.29"]
[EventType "tourn"]
[EventRounds "9"]
[EventCountry "GRE"]
[EventCategory "7"]
[SourceTitle "CBM 190 Extra"]
[Source "ChessBase"]
[SourceDate "2019.07.15"]
[SourceVersion "1"]
[SourceVersionDate "2019.07.15"]
[SourceQuality "1"]

1. e4 e6 2. d4 d5 3. Nc3 Nf6 4. Bg5 dxe4 5. Nxe4 Be7 6. Bxf6 gxf6 7. Nf3 f5 8. Nc3 a6 9. Qe2 b5 10. 0-0-0 b4 11. d5 bxc3 12. dxe6 Bd6 13. exf7+ Kxf7 14. Qc4+ Be6 15. Qxc3 Bf4+ 16. Nd2 Qf6 17. Qf3 Qd4 18. g3 Bh6 19. Bd3 Nd7 20. Bxf5 Rab8 21. c3 Qb6 22. Bxe6+ Kxe6 23. Rhe1+ Ne5 24. Rxe5+ 1-0

[Event "Anogia Capablanca Mem-A 5th"]
[Site "Anogia"]
[Date "2018.09.19"]
[Round "9"]
[White "Anagnostopoulos, Konstantinos"]
[Black "David, Alberto"]
[Result "1/2-1/2"]
[WhiteElo "2319"]
[BlackElo "2549"]
[PlyCount "22"]
[EventDate "2018.09.11"]
[EventType "tourn"]
[EventRounds "9"]
[EventCountry "GRE"]
[EventCategory "6"]
[SourceTitle "CBM 186 Extra"]
[Source "ChessBase"]
[SourceDate "2018.08.24"]
[SourceVersion "1"]
[SourceVersionDate "2018.08.24"]
[SourceQuality "1"]

1. d4 Nf6 2. c4 e6 3. Nc3 Bb4 4. e3 0-0 5. Bd3 d5 6. Nf3 c5 7. 0-0 Nc6 8. cxd5 exd5 9. dxc5 Bxc5 10. h3 Qe7 11. b3 Rd8 1/2-1/2

[Event "Anogia Capablanca Mem-A 5th"]
[Site "Anogia"]
[Date "2018.09.18"]
[Round "8"]
[White "Rydstrom, Tom"]
[Black "Anagnostopoulos, Konstantinos"]
[Result "0-1"]
[WhiteElo "2310"]
[BlackElo "2319"]
[PlyCount "62"]
[EventDate "2018.09.11"]
[EventType "tourn"]
[EventRounds "9"]
[EventCountry "GRE"]
[EventCategory "6"]
[SourceTitle "CBM 186 Extra"]
[Source "ChessBase"]
[SourceDate "2018.08.24"]
[SourceVersion "1"]
[SourceVersionDate "2018.08.24"]
[SourceQuality "1"]

1. e4 e6 2. d4 d5 3. Nc3 Bb4 4. e5 c5 5. a3 Bxc3+ 6. bxc3 Nc6 7. Qg4 g6 8. h4 h6 9. h5 g5 10. f4 f5 11. exf6 e5 12. Qe2 Nxf6 13. fxe5 Ne4 14. Qe3 0-0 15. Nf3 Ne7 16. c4 Nf5 17. Qb3 Nfg3 18. Rg1 Qa5+ 19. c3 Bd7 20. Bd2 Nxd2 21. Nxd2 cxd4 22. cxd5 Rae8 23. e6 dxc3 24. Nf3 c2+ 25. Kf2 Ne4+ 26. Ke3 Rxf3+ 27. gxf3 Qd2+ 28. Kxe4 Rxe6+ 29. dxe6 Bc6+ 30. Kf5 Qf4+ 31. Kg6 Be8+ 0-1